• 首页
  • 本馆介绍
  • 公告通知
  • 最新文献
  • 馆藏检索
  • 电子资源
  • 读者导购
  • 参考咨询
  • 我的图书馆
  • 登录
  • 详细信息显示
  • 放入我的书架
  • 预约/预借图书
  • 作者相关作品
  • 分类相关作品
  • 丛书相关作品
  • 出版社相关作品

书目信息

  • 表格格式
  • 工作单格式
  • 卡片格式
题名:
完美体态
    
 
作者: 周倩 著
分册:  
出版信息: 天津   天津科学技术出版社  2019.4
页数: 302页
开本: 21cm
丛书名:
单 册:
中图分类: G883.2
科图分类:
主题词: 健身运动--jian shen yun dong--运动训练
电子资源:
ISBN: 978-7-5576-6204-2
000 01017nam0 2200229 450
001 2156241181
005 20211011172911.0
010    @a978-7-5576-6204-2@dCNY49.80
100    @a20190508d2019 em y0chiy0110 ea
101 0  @achi
102    @aCN@b120000
105    @ay z 000yy
106    @ar
200 1  @a完美体态@Awan mei ti tai@f周倩著
210    @a天津@c天津科学技术出版社@d2019.4
215    @a302页@d21cm
330    @a本书基于全新的“情绪—饮食—体态EIP体系”,从身体的“三大核心”和四肢入手,通过各种体态问题的介绍,提出解决改善方案,并配有图片示意,分步骤讲述体态训练方法,此外还针对一些技术调整提供了小贴士以及多样的实用案例,以应对特殊问题。本书专业性和实用性都很强,作者根据自己的从医经验和理论知识,整理出各种体态问题的改善训练方法,文字通俗易懂,并且配有图片示意,为读者提供系统的体态养成计划。对于读者来说操作性很强。
606 0  @a健身运动@Ajian shen yun dong@x运动训练
690    @aG883.2@v5
701  0 @a周倩@Azhou qian@4著
801  0 @aCN@b百万庄@c20211005
905    @b1304806-09@dG883.2@e211@f4
    
    完美体态/周倩著.-天津:天津科学技术出版社,2019.4
    302页;21cm
    
    
    ISBN 978-7-5576-6204-2:CNY49.80
    本书基于全新的“情绪—饮食—体态EIP体系”,从身体的“三大核心”和四肢入手,通过各种体态问题的介绍,提出解决改善方案,并配有图片示意,分步骤讲述体态训练方法,此外还针对一些技术调整提供了小贴士以及多样的实用案例,以应对特殊问题。本书专业性和实用性都很强,作者根据自己的从医经验和理论知识,整理出各种体态问题的改善训练方法,文字通俗易懂,并且配有图片示意,为读者提供系统的体态养成计划。对于读者来说操作性很强。
●
相关链接 在E读中查询图书 在五车中查询图书 在当当中查询图书 在豆瓣中查询图书


正题名:完美体态     索取号:G883.2/211         预约/预借

序号 登录号 条形码 馆藏地/架位号 状态 备注
1 1304806   213048067   第一样本阅览室/ [索取号:G883.2/211] 在馆    
2 1304807   213048076   第四借阅区/ [索取号:G883.2/211] 在馆    
3 1304808   213048085   第四借阅区/ [索取号:G883.2/211] 在馆    
4 1304809   213048094   第四借阅区/ [索取号:G883.2/211] 在馆    
唐山师范学院图书馆 欢迎您!
大连网信软件有限公司© 版权所有